El gobierno en Colombia : (Registro nro. 5116)

Detalles MARC
000 -LEADER
fixed length control field 01258nam a2200289Ia 4500
003 - CONTROL NUMBER IDENTIFIER
control field OSt
005 - DATE AND TIME OF LATEST TRANSACTION
control field 20200330161130.0
008 - FIXED-LENGTH DATA ELEMENTS--GENERAL INFORMATION
fixed length control field 191128s2005 ck gr 000 0 spa d
020 ## - INTERNATIONAL STANDARD BOOK NUMBER
International Standard Book Number 9586521508
040 ## - CATALOGING SOURCE
Original cataloging agency CO-JMCR
Transcribing agency CO-JMCR
041 0# - LANGUAGE CODE
Language code of text/sound track or separate title spa
082 04 - DEWEY DECIMAL CLASSIFICATION NUMBER
Classification number 320.9 /
Item number B673g
Edition number 21
100 1# - MAIN ENTRY--PERSONAL NAME
Personal name Borja, Miguel,
Relator term autor
9 (RLIN) 2214
245 10 - TITLE STATEMENT
Title El gobierno en Colombia :
Remainder of title territorio y cultura /
Statement of responsibility, etc. Miguel Borja y Angélica María Nieto ; asesor, Orlando Fals Borda
250 ## - EDITION STATEMENT
Edition statement Primera edición
260 ## - PUBLICATION, DISTRIBUTION, ETC.
Place of publication, distribution, etc. Bogotá :
Name of publisher, distributor, etc. ESAP,
Date of publication, distribution, etc. 2005
300 ## - PHYSICAL DESCRIPTION
Extent 123 páginas ;
Dimensions 21 cm.
504 ## - BIBLIOGRAPHY, ETC. NOTE
Bibliography, etc. note Bibliografía: 119 -123
505 0# - FORMATTED CONTENTS NOTE
Formatted contents note Gobernabilidad y geopolítica -- Gobernabilidad a la colombiana -- La organización del territorio -- Reflexiones finales
520 ## - SUMMARY, ETC.
Summary, etc. Gobernar a Colombia y a otros países, democráticamente ha sido difícil, como se sabe. El presente libro vuelve sobre este sensible asunto, para explicarlo acudiendo a razones culturales e históricas poco consideradas por politólogos.
650 14 - SUBJECT ADDED ENTRY--TOPICAL TERM
Topical term or geographic name entry element Política gubernamental
9 (RLIN) 1835
650 14 - SUBJECT ADDED ENTRY--TOPICAL TERM
Topical term or geographic name entry element Gobernabilidad
9 (RLIN) 2215
650 14 - SUBJECT ADDED ENTRY--TOPICAL TERM
Topical term or geographic name entry element Ordenamiento territorial
9 (RLIN) 2216
700 1# - ADDED ENTRY--PERSONAL NAME
Personal name Nieto, Angélica María,
Relator term autora
9 (RLIN) 2217
700 1# - ADDED ENTRY--PERSONAL NAME
Personal name Fals Borda, Orlando,
Relator term asesor
9 (RLIN) 2218
942 ## - ADDED ENTRY ELEMENTS (KOHA)
Source of classification or shelving scheme Dewey Decimal Classification
Koha item type Books
Existencias
Withdrawn status Lost status Source of classification or shelving scheme Damaged status Not for loan Collection code Home library Current library Date acquired Source of acquisition Cost, normal purchase price Total Checkouts Full call number Barcode Date last seen Copy number Koha item type
    Dewey Decimal Classification     Non-fiction Biblioteca Pública José María del Castillo y Rada Biblioteca Pública José María del Castillo y Rada 04/15/2018 Donación 0.00   320.9 / B673g 430001327 05/16/2024 V.1 / Ej.1 Books